Top Airport by letter - Statistics

General Stats
  • This quiz has been taken 17 times
  • The average score is 8 of 24
Answer Stats
Hint Passenger Rank Answer % Correct
A #1 ATL Atlanta
87%
J #13 JFK New York
60%
C #11 CDG Paris
53%
L #4 LHR London
53%
F #16 FRA Frankfurt
47%
O #5 ORD Chicago
47%
H #5 HND Tokyo
40%
I #7 IST Istanbul
40%
D #2 DXB Dubai
33%
M #15 MAD Madrid
33%
S #17 SIN Singapore
33%
Y #32 YYZ Toronto
33%
B #26 BKK Bangkok
27%
E #31 EWR New York
27%
N #49 NRT Tokyo
27%
P #9 PVG Shanghai
27%
V #89 VIE Vienna
20%
W #100 WUH Wuhan
20%
G #46 GRU São Paulo
13%
K #35 KUL Kuala Lumpur
13%
R #85 RUH Riyadh
7%
X #27 XIY Xi'an
7%
Z #71 ZRH Zurich
7%
T #39 TFU Chengdu
0%
No matching quizzes found
Score Distribution
Percent of People with Each Score
Percentile by Number Answered
Your Score History
You have not taken this quiz